000 00896nam a2200265Ia 4500
003 OSt
005 20220923211146.0
006 a|||||r|||| 00| 0
007 ta
008 220922b |||||||| |||| 00| 0 hin d
020 _a8187368438 (hbk)
024 _a176,284
037 _cTextual
040 _aARTS
_cARTS
_bhin
041 _2hin
_ahin
082 _aO152,3NSE1x, P0
100 _aसेवती, निरूपमा
_9156279
245 0 _aबंटता हुआ आदमी और अन्य उपन्यास
246 _aBanṭatā huā ādamī aur anya upanyāsa
260 _aदिल्ली
_b नमन प्रकाशन
_c2001
300 _a419 पृ.
_ccm.
650 _aहिन्दी साहित्य
_9156264
942 _hO152,3NSE1x, P0
_cTEXL
_2CC
999 _c296122
_d296122